[Event "Australian Reserves"]
[Site "Adelaide"]
[Date "2004.01.08"]
[Round "9.19"]
[White "Brockman, Roland"]
[Black "Kordahi, Nicholas"]
[Result "1-0"]
[WhiteElo "1604"]
[BlackElo "1728"]
[PlyCount "47"]
[EventDate "2003.12.29"]
[EventType "swiss"]
[EventRounds "11"]
[EventCountry "AUS"]

1. d4 Nf6 2. Nf3 g6 3. Bg5 Bg7 4. Nbd2 d5 5. e3 O-O 6. Bd3 b6 7. Qe2 Nbd7 8. e4
dxe4 9. Nxe4 Bb7 10. Rd1 Re8 11. O-O e5 12. dxe5 Nxe5 13. Nxe5 Rxe5 14. Nxf6+
Bxf6 15. Qxe5 Bxe5 16. Bxd8 Rxd8 17. c3 h5 18. Rfe1 Bf6 19. Bb5 Rxd1 20. Rxd1
Be5 21. Bc4 Bc6 22. Bd5 Ba4 23. b3 Be8 24. Re1 1-0

[Event "Australian Reserves"]
[Site "Adelaide"]
[Date "2004.01.08"]
[Round "9.20"]
[White "Murray, Russell"]
[Black "Ghobrial, Adel"]
[Result "1/2-1/2"]
[WhiteElo "1727"]
[BlackElo "1570"]
[PlyCount "74"]
[EventDate "2003.12.29"]
[EventType "swiss"]
[EventRounds "11"]
[EventCountry "AUS"]

1. d4 d5 2. c4 c6 3. Nf3 Nf6 4. Nc3 e6 5. g3 Be7 6. Bg2 dxc4 7. Ne5 Nbd7 8.
Nxc4 O-O 9. O-O Nd5 10. e4 Nxc3 11. bxc3 Nf6 12. a4 b6 13. Ba3 Ba6 14. Bxe7
Qxe7 15. Qb3 Rac8 16. Rfd1 Bxc4 17. Qxc4 b5 18. Qb4 Qxb4 19. cxb4 a6 20. axb5
axb5 21. f4 Rfd8 22. h3 h5 23. Kf2 g6 24. Ke3 Ra8 25. Rdc1 Rxa1 26. Rxa1 Kf8
27. Rc1 Ra8 28. Bf1 Ra4 29. Rxc6 Rxb4 30. Rb6 Rb3+ 31. Bd3 b4 32. d5 Nd7 33.
Rb5 exd5 34. exd5 Ke7 35. Kd4 Kd6 36. g4 hxg4 37. hxg4 Rb2 1/2-1/2

[Event "Australian Reserves"]
[Site "Adelaide"]
[Date "2004.01.08"]
[Round "9.21"]
[White "Lindberg, Gordon"]
[Black "Lutley, Philip"]
[Result "1-0"]
[WhiteElo "1690"]
[BlackElo "1484"]
[PlyCount "74"]
[EventDate "2003.12.29"]
[EventType "swiss"]
[EventRounds "11"]
[EventCountry "AUS"]

1. e4 c5 2. Nf3 d6 3. d4 cxd4 4. Nxd4 Nf6 5. Nc3 a6 6. Bg5 e6 7. f4 Be7 8. Qe2
Nc6 9. O-O-O Qc7 10. g4 e5 11. Bxf6 Nxd4 12. Rxd4 gxf6 13. Nd5 Qa5 14. Rd3 Be6
15. Ra3 Qd8 16. Qd2 Bxd5 17. Qxd5 Qc8 18. f5 O-O 19. Rc3 Qd7 20. Qd2 Rfc8 21.
Bc4 b5 22. Rh3 Bf8 23. Bb3 h6 24. Rxh6 Bxh6 25. Qxh6 Qe7 26. Rg1 Qf8 27. Qh4
Qg7 28. g5 Kf8 29. Qf2 Ke7 30. g6 Qh6+ 31. Kb1 Rh8 32. Qb6 Rad8 33. Bxf7 Qg7
34. Qxa6 Rxh2 35. Qxb5 Qh6 36. Be6 Qg7 37. a4 Rhh8 1-0

[Event "Australian Reserves"]
[Site "Adelaide"]
[Date "2004.01.08"]
[Round "9.22"]
[White "Beckman, John"]
[Black "Stevens, Tristan"]
[Result "0-1"]
[WhiteElo "1563"]
[BlackElo "1706"]
[PlyCount "74"]
[EventDate "2003.12.29"]
[EventType "swiss"]
[EventRounds "11"]
[EventCountry "AUS"]

1. e4 d5 2. e5 Bf5 3. d4 e6 4. Bb5+ c6 5. Bd3 Bxd3 6. Qxd3 Qb6 7. a4 c5 8. a5
Qc7 9. f4 cxd4 10. Nf3 Nc6 11. Qb5 a6 12. Qa4 Bc5 13. c3 dxc3 14. Nxc3 f5 15.
Bd2 Nge7 16. Ne2 O-O 17. b4 Ba7 18. Rc1 b5 19. axb6 Qxb6 20. Rc5 Rac8 21. Rf1
Nxb4 22. Rxc8 Nd3+ 23. Kd1 Nb2+ 24. Ke1 Nxa4 25. Rc2 Nc5 26. Kd1 Qb1+ 27. Rc1
Qb3+ 28. Rc2 Nd3 29. Ned4 Qa4 30. Ke2 Bxd4 31. Nxd4 Qxd4 32. Rf3 Qe4+ 33. Be3
Nxf4+ 34. Kd1 Qd3+ 35. Bd2 Qe2+ 36. Kc1 Nd3+ 37. Kb1 Qd1+ 0-1

[Event "Australian Reserves"]
[Site "Adelaide"]
[Date "2004.01.08"]
[Round "9.23"]
[White "Antoniazzi, Francesco"]
[Black "Peake, Michael"]
[Result "1-0"]
[WhiteElo "1665"]
[BlackElo "1467"]
[PlyCount "137"]
[EventDate "2003.12.29"]
[EventType "swiss"]
[EventRounds "11"]
[EventCountry "AUS"]

1. Nf3 Nc6 2. c4 g6 3. Nc3 Bg7 4. d4 e6 5. Bf4 d6 6. e3 Nf6 7. Bd3 O-O 8. O-O
b6 9. a3 Bb7 10. b4 Ne7 11. Nd2 c5 12. bxc5 dxc5 13. Nb3 Rc8 14. Nb5 Ne8 15.
Nxa7 Ra8 16. Nb5 Nc6 17. Be2 cxd4 18. exd4 Nxd4 19. N3xd4 e5 20. Be3 exd4 21.
Bxd4 Qg5 22. Bf3 Bxd4 23. Bxb7 Bxa1 24. Bxa8 Bg7 25. Bd5 Qe7 26. Re1 Qc5 27.
Qb3 Nc7 28. Nxc7 Qxc7 29. Qb4 Bd4 30. Qb3 Qc5 31. Re2 Rd8 32. Qf3 Rd7 33. g3
Ra7 34. Qe4 Bf6 35. Qf4 Kg7 36. Qb8 Re7 37. Rxe7 Bxe7 38. Qe8 f6 39. a4 Qd6 40.
Bg8 Qd1+ 41. Kg2 Qe2 42. Qf7+ Kh6 43. h4 Qe4+ 44. Kh2 Kh5 45. Bxh7 Bd8 46. Bg8
Qc2 47. Qd5+ Qf5 48. Be6 Qxd5 49. cxd5 Bc7 50. Kh3 Bd6 51. g4+ Kh6 52. Kg2 f5
53. gxf5 gxf5 54. Bxf5 Kh5 55. Kh3 Be7 56. Bg4+ Kh6 57. f4 Bf6 58. h5 Kg7 59.
Kg3 Be7 60. Kf3 Kf6 61. Ke4 Bc5 62. Kd3 Bd6 63. Ke4 Bc5 64. Be6 Bd6 65. f5 Bc5
66. Kd3 Kg5 67. Kc4 Kxh5 68. a5 Kg5 69. Kb5 1-0

[Event "Australian Reserves"]
[Site "Adelaide"]
[Date "2004.01.08"]
[Round "9.24"]
[White "Arocha, Leandro"]
[Black "Hoholis, Harry"]
[Result "0-1"]
[WhiteElo "1545"]
[BlackElo "1606"]
[PlyCount "100"]
[EventDate "2003.12.29"]
[EventType "swiss"]
[EventRounds "11"]
[EventCountry "AUS"]

1. e4 e6 2. d3 d5 3. Nd2 c5 4. g3 Nc6 5. Bg2 d4 6. Ngf3 e5 7. O-O Be6 8. Re1
Bd6 9. b3 h6 10. Nc4 Bc7 11. Ba3 b5 12. Ncd2 b4 13. Bc1 Nge7 14. Nc4 O-O 15.
Nh4 Qd7 16. f4 Bg4 17. Nf3 exf4 18. gxf4 Bh3 19. f5 Bxg2 20. Kxg2 Kh7 21. Rg1
g6 22. f6 Ng8 23. e5 Rae8 24. Qd2 Bxe5 25. Qf2 Bxf6 26. Bf4 Re6 27. Rae1 Rfe8
28. Rxe6 Qxe6 29. Re1 Qg4+ 30. Bg3 Rxe1 31. Qxe1 Qe6 32. Qf1 Kg7 33. h3 Be7 34.
Qf2 Nf6 35. Qf1 Nd5 36. Qf2 Bd8 37. Nfd2 Ne3+ 38. Kh2 Nxc4 39. Nxc4 Bg5 40. Kg2
Ne7 41. Be5+ f6 42. Bg3 Nf5 43. Kf1 Ne3+ 44. Nxe3 dxe3 45. Qg2 h5 46. h4 Qf5+
47. Ke2 Qg4+ 48. Ke1 Bxh4 49. Qb7+ Kh6 50. Bxh4 Qxh4+ 0-1

[Event "Australian Reserves"]
[Site "Adelaide"]
[Date "2004.01.08"]
[Round "9.25"]
[White "Stokes, Mark C"]
[Black "Forace, Lee"]
[Result "1-0"]
[WhiteElo "1530"]
[BlackElo "1592"]
[PlyCount "127"]
[EventDate "2003.12.29"]
[EventType "swiss"]
[EventRounds "11"]
[EventCountry "AUS"]

1. d4 d5 2. e3 c6 3. Bd3 Nf6 4. Nd2 e6 5. f4 Bd6 6. Ngf3 O-O 7. O-O Nbd7 8. Ne5
c5 9. c3 cxd4 10. exd4 a6 11. Rf3 Re8 12. g4 Bxe5 13. fxe5 Nxg4 14. Nf1 f5 15.
h3 Ngxe5 16. dxe5 Nxe5 17. Rg3 Nxd3 18. Qxd3 Bd7 19. Bf4 Qb6+ 20. Qd4 Qxd4+ 21.
cxd4 Rac8 22. Be5 g6 23. Rb3 b5 24. Ne3 g5 25. Kf2 h5 26. Rg1 g4 27. hxg4 hxg4
28. Rh1 Rf8 29. Rc3 Rxc3 30. bxc3 Kf7 31. Rh7+ Ke8 32. Rh8 Rxh8 33. Bxh8 Kf7
34. Be5 a5 35. a3 Be8 36. Kg3 Kg6 37. Ng2 Kg5 38. Nf4 Bd7 39. Nd3 f4+ 40. Bxf4+
Kf5 41. Nf2 Be8 42. Nxg4 Bh5 43. Nf2 Be2 44. Bc7 Bc4 45. Bxa5 e5 46. dxe5 Kxe5
47. Bb6 Be2 48. Bd4+ Kd6 49. Ng4 Kc6 50. Ne5+ Kb7 51. Kf4 Ka6 52. Kf5 Bf1 53.
Ke6 Bg2 54. Kd6 Ka5 55. Bc5 Ka4 56. Nd7 Kb3 57. Bb4 Kc4 58. Nb6+ Kb3 59. Nxd5
Ka4 60. Nc7 Bf1 61. Kc5 Be2 62. Ne6 Bf1 63. Kd4 Be2 64. Nc5# 1-0

[Event "Australian Reserves"]
[Site "Adelaide"]
[Date "2004.01.08"]
[Round "9.27"]
[White "Lindberg, Eric"]
[Black "Pleskot, Sylvia"]
[Result "0-1"]
[WhiteElo "1426"]
[BlackElo "1726"]
[PlyCount "57"]
[EventDate "2003.12.29"]
[EventType "swiss"]
[EventRounds "11"]
[EventCountry "AUS"]

1. d4 d5 2. Nf3 c6 3. e3 Bg4 4. Bd3 e6 5. Nbd2 f5 6. h3 Bxf3 7. Nxf3 Nf6 8. Ne5
Bd6 9. O-O O-O 10. b3 Nbd7 11. Bb2 Ne4 12. f4 Rf6 13. Rf3 Rh6 14. Bxe4 fxe4 15.
Rg3 Nxe5 16. dxe5 Be7 17. Qe2 Qe8 18. Rf1 Rh5 19. Kh2 Rf5 20. Rg4 h5 21. Rg3
Bh4 22. Bc3 Bxg3+ 23. Kxg3 Qg6+ 24. Kh2 h4 25. Be1 Qh5 26. Qd1 g5 27. a3 Qf7
28. g4 hxg3+ 29. Kxg3 0-1

[Event "Australian Reserves"]
[Site "Adelaide"]
[Date "2004.01.08"]
[Round "9.28"]
[White "Juszczynski, Mathew"]
[Black "Rigo, Bernard"]
[Result "1/2-1/2"]
[WhiteElo "1658"]
[BlackElo "1755"]
[PlyCount "70"]
[EventDate "2003.12.29"]
[EventType "swiss"]
[EventRounds "11"]
[EventCountry "AUS"]

1. c4 c5 2. g3 Nf6 3. Bg2 d5 4. cxd5 Nxd5 5. Nc3 Nc7 6. Nf3 Nc6 7. O-O e5 8. d3
Be7 9. Be3 Rb8 10. Nd2 Ne6 11. Rc1 Bd7 12. Nc4 f6 13. f4 exf4 14. Bxf4 Nxf4 15.
Rxf4 O-O 16. Bd5+ Kh8 17. e4 f5 18. Rf1 Nd4 19. Ne5 Be8 20. exf5 Nxf5 21. Qf3
Bd6 22. Rce1 Bxe5 23. Rxe5 Bg6 24. Be4 Qd4+ 25. Rf2 Qxe5 26. g4 Qd6 27. gxf5
Bxf5 28. Bxf5 g6 29. Ne4 Qd8 30. Qg3 Rxf5 31. Rxf5 gxf5 32. Qe5+ Kg8 33. Qe6+
Kg7 34. Qe5+ Kg8 35. Qe6+ Kg7 1/2-1/2

[Event "Australian Reserves"]
[Site "Adelaide"]
[Date "2004.01.08"]
[Round "9.28"]
[White "Thorne, Richard"]
[Black "Djelaj, Pasko"]
[Result "0-1"]
[WhiteElo "1562"]
[BlackElo "1738"]
[PlyCount "94"]
[EventDate "2003.12.29"]
[EventType "swiss"]
[EventRounds "11"]
[EventCountry "AUS"]

1. d4 Nf6 2. Nf3 e6 3. Bg5 Be7 4. Nbd2 b6 5. e3 Bb7 6. Bd3 h6 7. Bh4 d5 8. Ne5
a6 9. O-O c5 10. c3 Nc6 11. f4 Qc7 12. Rc1 O-O 13. a3 Rad8 14. b4 c4 15. Bb1
Nh7 16. Bxh7+ Kxh7 17. Ndf3 f5 18. a4 Nxe5 19. fxe5 g5 20. Bg3 Bc6 21. h4 Rg8
22. hxg5 hxg5 23. Kf2 Be8 24. Rh1+ Kg7 25. Rh2 Bg6 26. Qd2 Rh8 27. Rch1 Rxh2
28. Rxh2 Rh8 29. Rxh8 Kxh8 30. Qe1 Kg7 31. Qh1 Qd8 32. Qh2 Be8 33. b5 axb5 34.
axb5 Bxb5 35. Qh5 Be8 36. Qh1 b5 37. Ke2 Qb8 38. Be1 Bg6 39. g4 fxg4 40. Nh2
Qh8 41. Bg3 Qh3 42. Kf2 b4 43. cxb4 Bxb4 44. Qa1 Be4 45. Qa7+ Kg6 46. Ke2 Qxg3
47. Kd1 Qe1# 0-1

[Event "Australian Reserves"]
[Site "Adelaide"]
[Date "2004.01.08"]
[Round "9.29"]
[White "Clark, Domenic"]
[Black "Davidson, Nathan P"]
[Result "1-0"]
[WhiteElo "1636"]
[BlackElo "1532"]
[PlyCount "67"]
[EventDate "2003.12.29"]
[EventType "swiss"]
[EventRounds "11"]
[EventCountry "AUS"]

1. c4 c5 2. g3 g6 3. Bg2 Bg7 4. Nc3 d6 5. d3 Nc6 6. e4 e6 7. Nge2 Nge7 8. O-O
O-O 9. Be3 h5 10. h4 Nd4 11. Qd2 Kh7 12. Rab1 Nec6 13. f4 a6 14. b3 Rb8 15. a3
b5 16. cxb5 axb5 17. b4 Re8 18. Kh2 Re7 19. bxc5 dxc5 20. Bxd4 Nxd4 21. Nxd4
Qxd4 22. Nxb5 Qd7 23. Nc3 Ra8 24. a4 Bxc3 25. Qxc3 Rxa4 26. Qxc5 Rd4 27. Rfd1
Re8 28. Rb8 Rd8 29. e5 Ba6 30. Rxd8 Qxd8 31. Qa7 Bxd3 32. Qxf7+ Kh8 33. Ra1 Bf5
34. Ra8 1-0

[Event "Australian Reserves"]
[Site "Adelaide"]
[Date "2004.01.08"]
[Round "9.30"]
[White "Hunter, Daniel M"]
[Black "Campbell, Paul"]
[Result "0-1"]
[WhiteElo "1777"]
[BlackElo "1282"]
[PlyCount "62"]
[EventDate "2003.12.29"]
[EventType "swiss"]
[EventRounds "11"]
[EventCountry "AUS"]

1. e4 e5 2. f4 exf4 3. Bc4 d6 4. Nf3 Be6 5. Bxe6 fxe6 6. d4 g5 7. h4 Nf6 8.
Nxg5 Qe7 9. Bxf4 h6 10. O-O e5 11. Be3 hxg5 12. Bxg5 Nbd7 13. Nc3 c6 14. Rf5
Bh6 15. Qf3 Bxg5 16. hxg5 Nh5 17. Rf1 Nf4 18. Ne2 Nxe2+ 19. Qxe2 O-O-O 20. d5
cxd5 21. exd5 Rdf8 22. g4 Qh7 23. Qg2 Qh4 24. c3 Rfg8 25. R1f3 Rxg5 26. Rxg5
Qxg5 27. Rf5 Qh4 28. g5 Qe1+ 29. Rf1 Qe3+ 30. Rf2 Rg8 31. g6 Qh6 0-1

[Event "Australian Reserves"]
[Site "Adelaide"]
[Date "2004.01.08"]
[Round "9.31"]
[White "Stewart, Clint"]
[Black "Donnelly, Philip W"]
[Result "0-1"]
[WhiteElo "1270"]
[BlackElo "1625"]
[PlyCount "32"]
[EventDate "2003.12.29"]
[EventType "swiss"]
[EventRounds "11"]
[EventCountry "AUS"]

1. f4 Nf6 2. Nf3 g6 3. g3 Bg7 4. Bg2 d5 5. d3 O-O 6. O-O Nc6 7. Qe1 d4 8. c3
Nd5 9. Bd2 e5 10. e4 dxe3 11. Bxe3 exf4 12. gxf4 Re8 13. Ne5 Nxe5 14. fxe5 Rxe5
15. Rf3 Qe7 16. Kf2 Bh6 0-1

[Event "Australian Reserves"]
[Site "Adelaide"]
[Date "2004.01.08"]
[Round "9.23"]
[White "Kramer, Warren"]
[Black "Eckermann, Andrew"]
[Result "0-1"]
[WhiteElo "1331"]
[BlackElo "1362"]
[PlyCount "90"]
[EventDate "2003.12.29"]
[EventType "swiss"]
[EventRounds "11"]
[EventCountry "AUS"]

1. d4 Nf6 2. c4 e6 3. Nf3 b6 4. Nc3 Bb4 5. Bg5 Bb7 6. e3 c5 7. Bd3 cxd4 8. exd4
Be7 9. O-O O-O 10. Re1 d5 11. Qc2 dxc4 12. Be2 a6 13. Bxc4 Bxf3 14. gxf3 Qxd4
15. Bxf6 Bxf6 16. Re4 Qc5 17. Bb3 b5 18. a3 Nd7 19. f4 Rac8 20. Qd2 Bxc3 21.
Qxd7 Rfd8 22. Qb7 Bxb2 23. Rf1 Qxa3 24. Re3 Qa5 25. Qe4 Rc3 26. Bc2 g6 27. Re2
Rdc8 28. Bd3 Qa3 29. Rd1 Rc1 30. Rxc1 Rxc1+ 31. Kg2 Bf6 32. Re3 Qa1 33. Qa8+
Kg7 34. Qb7 Qa2 35. Qf3 b4 36. Re2 Qa5 37. Qe3 Rc3 38. Qd2 Qd5+ 39. Be4 Qxd2
40. Rxd2 Ra3 41. Rd1 b3 42. Bb1 b2 43. f3 Ra1 44. h3 a5 45. Kf2 a4 0-1

[Event "Australian Reserves"]
[Site "Adelaide"]
[Date "2004.01.09"]
[Round "10.2"]
[White "Cowley, Robert G"]
[Black "Pyke, Malcolm L"]
[Result "1-0"]
[WhiteElo "2022"]
[BlackElo "1914"]
[PlyCount "67"]
[EventDate "2003.12.29"]
[EventType "swiss"]
[EventRounds "11"]
[EventCountry "AUS"]

1. d4 Nf6 2. c4 c5 3. d5 e6 4. Nc3 exd5 5. cxd5 d6 6. e4 g6 7. f4 Bg7 8. Bb5+
Nfd7 9. a4 O-O 10. Nf3 Na6 11. O-O Nc7 12. Bc4 Nb6 13. Ba2 Bg4 14. a5 Nd7 15.
h3 Bxf3 16. Qxf3 b5 17. e5 dxe5 18. f5 e4 19. Nxe4 Ne5 20. Qd1 c4 21. d6 gxf5
22. Rxf5 Ne6 23. Qd5 Nd3 24. Bg5 Qxa5 25. Bf6 Nb4 26. Qd2 Qb6+ 27. Kh1 Qc6 28.
Bb1 Nd3 29. Bxd3 cxd3 30. Qxd3 Qc4 31. Qe3 Bxf6 32. Nxf6+ Kg7 33. Ng4 Qc2 34.
Qe5+ 1-0

[Event "Australian Reserves"]
[Site "Adelaide"]
[Date "2004.01.09"]
[Round "10.3"]
[White "Harp, Joel"]
[Black "Lip, Michael"]
[Result "0-1"]
[WhiteElo "1845"]
[BlackElo "1964"]
[PlyCount "126"]
[EventDate "2003.12.29"]
[EventType "swiss"]
[EventRounds "11"]
[EventCountry "AUS"]

1. d4 d5 2. c4 e6 3. Nc3 Nf6 4. cxd5 exd5 5. Bg5 Be7 6. e3 O-O 7. Bd3 c6 8. Qc2
Nbd7 9. Nge2 Re8 10. O-O Nf8 11. f3 h6 12. Bh4 c5 13. Bf2 g6 14. dxc5 Bxc5 15.
Nd4 Kg7 16. Rac1 Bxd4 17. exd4 Nh5 18. Qd2 a6 19. Rfe1 Be6 20. Re5 Nd7 21. Re2
Qf6 22. Be3 g5 23. g3 Rac8 24. Rf2 b5 25. Bf1 Nf8 26. Bg2 Ng6 27. a3 Rc4 28.
Bf1 Rcc8 29. Re1 Ne7 30. f4 g4 31. Bg2 Qf5 32. Rfe2 Nf6 33. Bf2 Qg6 34. Re5
Red8 35. Rxe6 fxe6 36. Rxe6 Qf7 37. Rxa6 Rb8 38. Ra7 b4 39. axb4 Rd7 40. Rxd7
Nxd7 41. b5 Nf6 42. Qe2 Rb6 43. Na4 Re6 44. Qd3 Nc8 45. Nc5 Rb6 46. f5 Nd6 47.
Ne6+ Kh7 48. Be3 Nfe4 49. Bc1 Qxf5 50. Nf4 Rxb5 51. Qc2 Qf7 52. Qc6 Rb4 53. Be3
Rxb2 54. Bf1 Nf5 55. Qxd5 Qxd5 56. Nxd5 Nxe3 57. Nxe3 Nf6 58. Bd3+ Kg7 59. Nf5+
Kg6 60. d5 Rd2 61. Nh4+ Kg5 62. Bc4 Nxd5 63. Ng2 Rxg2+ 0-1

[Event "Australian Reserves"]
[Site "Adelaide"]
[Date "2004.01.09"]
[Round "10.4"]
[White "Fry, Peter"]
[Black "Safarian, Alek"]
[Result "0-1"]
[WhiteElo "1696"]
[BlackElo "1899"]
[PlyCount "64"]
[EventDate "2003.12.29"]
[EventType "swiss"]
[EventRounds "11"]
[EventCountry "AUS"]

1. b3 e5 2. Bb2 Nc6 3. e3 Nf6 4. Bb5 d6 5. Nf3 a6 6. Bxc6+ bxc6 7. d3 Be7 8.
O-O O-O 9. Nbd2 Bg4 10. c4 Nd7 11. Qc2 f5 12. e4 fxe4 13. dxe4 Qe8 14. Rae1 Qg6
15. Re3 Nc5 16. Ne1 Bg5 17. Qc3 Bxe3 18. Qxe3 Rf7 19. f3 Bd7 20. Ba3 Ne6 21.
Nd3 Nd4 22. Rc1 Bh3 23. g3 Raf8 24. Ne1 Qh5 25. Rc3 Bd7 26. c5 Nb5 27. cxd6
cxd6 28. Nc4 Nxc3 29. Qxc3 Rxf3 30. Nxf3 Rxf3 31. Qa5 Rf8 32. Bxd6 Qd1+ 0-1

[Event "Australian Reserves"]
[Site "Adelaide"]
[Date "2004.01.09"]
[Round "10.6"]
[White "Flitney, Adrian"]
[Black "Krstic, Slobodan"]
[Result "1-0"]
[WhiteElo "1876"]
[BlackElo "1922"]
[PlyCount "73"]
[EventDate "2003.12.29"]
[EventType "swiss"]
[EventRounds "11"]
[EventCountry "AUS"]

1. e4 e6 2. d4 d5 3. e5 c5 4. c3 Nc6 5. Nf3 Bd7 6. Bd3 Be7 7. O-O c4 8. Bc2 b5
9. Ne1 b4 10. f4 Qb6 11. Kh1 g6 12. g4 f5 13. gxf5 exf5 14. Nf3 Nd8 15. b3 Bb5
16. cxb4 Bxb4 17. Na3 Bxa3 18. Bxa3 Qa6 19. bxc4 Bxc4 20. Ba4+ Kf7 21. e6+ Kg7
22. Re1 Nxe6 23. Ne5 Rd8 24. Nxc4 dxc4 25. d5 Nc7 26. Bb2+ Nf6 27. Re7+ Kh6 28.
Qe1 g5 29. fxg5+ Kxg5 30. Qg3+ Ng4 31. Rg7+ Qg6 32. Rxg6+ hxg6 33. Bxh8 Nxd5
34. Be5 f4 35. Bxf4+ Nxf4 36. h4+ Kf5 37. Bc2+ 1-0

[Event "Australian Reserves"]
[Site "Adelaide"]
[Date "2004.01.09"]
[Round "10.7"]
[White "Dizdarevic, Mehmedalija"]
[Black "Pengelley, Justin"]
[Result "1-0"]
[WhiteElo "1799"]
[BlackElo "1887"]
[PlyCount "223"]
[EventDate "2003.12.29"]
[EventType "swiss"]
[EventRounds "11"]
[EventCountry "AUS"]

1. e4 d5 2. exd5 Qxd5 3. Nc3 Qd6 4. d4 Nf6 5. Nf3 a6 6. g3 Bg4 7. Bf4 Qd7 8.
Bg2 e6 9. h3 Bxf3 10. Bxf3 Nc6 11. d5 exd5 12. Nxd5 Nxd5 13. Qxd5 Bd6 14. Bxd6
Qxd6 15. Qxd6 cxd6 16. O-O-O O-O-O 17. Rhe1 Kc7 18. Bd5 Rd7 19. c3 Rhd8 20. f4
f6 21. h4 Re7 22. Rxe7+ Nxe7 23. Be4 h6 24. h5 b6 25. a4 a5 26. Re1 Rd7 27. Kc2
d5 28. Bd3 Kd6 29. f5 Rc7 30. Re6+ Kc5 31. Kd2 Nc6 32. Bb5 Ne5 33. Ke3 Nc4+ 34.
Bxc4 dxc4 35. Re8 Rd7 36. Rc8+ Kd5 37. Kf4 Re7 38. Rd8+ Kc5 39. Rd2 Rb7 40. Ke4
Re7+ 41. Kf3 Rb7 42. Ke4 Re7+ 43. Kf4 b5 44. axb5 Kxb5 45. Rd8 Rb7 46. Rc8 Ka6
47. Rc6+ Ka7 48. Rxc4 Rxb2 49. Ke3 Rb7 50. Kd3 Kb6 51. Kc2 Rc7 52. Rg4 Kc5 53.
Ra4 Kb5 54. Rg4 Kc5 55. Ra4 Ra7 56. Kb3 Kd5 57. Rd4+ Kc5 58. Rc4+ Kb5 59. Rd4
a4+ 60. Ka3 Rc7 61. Rb4+ Kc5 62. Kxa4 Kd5 63. Kb3 Ke5 64. g4 Rd7 65. Rc4 Rb7+
66. Kc2 Rd7 67. Kb3 Rb7+ 68. Rb4 Rc7 69. Kc2 Rd7 70. Rc4 Rb7 71. Kd3 Rd7+ 72.
Ke3 Ra7 73. Re4+ Kd6 74. Rd4+ Kc6 75. Kd3 Ra1 76. Re4 Kd6 77. Re6+ Kd7 78. Rb6
Kc7 79. Rb4 Rd1+ 80. Kc2 Ra1 81. Kb2 Ra7 82. Kb3 Ra1 83. Kc4 Rc1 84. Kd4 Rg1
85. Kc5 Rg3 86. Rc4 Kd7 87. Rd4+ Kc7 88. c4 Rg1 89. Kd5 Re1 90. c5 Re5+ 91. Kc4
Re1 92. Kb5 Rb1+ 93. Kc4 Re1 94. Kb5 Rb1+ 95. Rb4 Rc1 96. Re4 Rb1+ 97. Kc4 Kd7
98. Kd5 Rd1+ 99. Rd4 Re1 100. Ra4 Rd1+ 101. Kc4 Rc1+ 102. Kb5 Rb1+ 103. Rb4 Rc1
104. Kb6 Rc2 105. Rd4+ Kc8 106. Kc6 Ra2 107. Kd6 Kd8 108. c6 Re2 109. Ra4 Rd2+
110. Ke6 Re2+ 111. Kf7 Re7+ 112. Kf8 1-0

[Event "Australian Reserves"]
[Site "Adelaide"]
[Date "2004.01.09"]
[Round "10.8"]
[White "Oks, Oliver"]
[Black "Peters, Duncan"]
[Result "1-0"]
[WhiteElo "1799"]
[BlackElo "1887"]
[PlyCount "127"]
[EventDate "2003.12.29"]
[EventType "swiss"]
[EventRounds "11"]
[EventCountry "AUS"]

1. e4 d5 2. exd5 Nf6 3. Bc4 c6 4. dxc6 Nxc6 5. Nc3 e5 6. d3 Be7 7. Nf3 O-O 8.
O-O Bg4 9. Be3 Re8 10. Ne4 Nxe4 11. dxe4 Qc7 12. c3 Bh5 13. Qe2 a6 14. a4 Rac8
15. h3 Bg6 16. Bd5 Bf6 17. g4 h6 18. g5 hxg5 19. Bxg5 Qe7 20. Bxf6 Qxf6 21. Nh2
Rc7 22. Ng4 Qh4 23. Kh2 Ne7 24. Bb3 Bh5 25. f3 Ng6 26. Qf2 Qe7 27. Rad1 Nf4 28.
Rg1 Kh8 29. Ne3 Bg6 30. Nd5 Nxd5 31. Rxd5 Rd8 32. Rg4 Rcd7 33. Qh4+ Qxh4 34.
Rxh4+ Kg8 35. Rxe5 Rd2+ 36. Kg3 Rxb2 37. Bd5 b5 38. axb5 axb5 39. Rg4 Kf8 40.
Rh4 Kg8 41. Rg4 Rb1 42. Bc6 b4 43. cxb4 Rxb4 44. Re8+ Rxe8 45. Bxe8 Rb3 46. Bc6
Rb1 47. Bd5 Rg1+ 48. Kf4 Rxg4+ 49. hxg4 Kf8 50. Kg5 Bh7 51. f4 Ke7 52. f5 f6+
53. Kh5 Kd6 54. g5 fxg5 55. Kxg5 Ke5 56. Bb7 Kd6 57. Kf4 Ke7 58. Ke5 Kd7 59.
Bd5 Ke7 60. Be6 Kd8 61. Kd6 Ke8 62. e5 g5 63. Bd7+ Kf8 64. e6 1-0

[Event "Australian Reserves"]
[Site "Adelaide"]
[Date "2004.01.09"]
[Round "10.9"]
[White "Obst, James"]
[Black "Tulevski, Vasil G"]
[Result "1-0"]
[WhiteElo "1539"]
[BlackElo "1871"]
[PlyCount "100"]
[EventDate "2003.12.29"]
[EventType "swiss"]
[EventRounds "11"]
[EventCountry "AUS"]

1. e4 c5 2. c3 e5 3. Bc4 Nc6 4. Nf3 Qc7 5. O-O Nf6 6. Re1 d6 7. a4 Be7 8. Na3
Bg4 9. Nc2 O-O 10. Ne3 Bh5 11. Nf5 Bd8 12. Ng3 Bg4 13. h3 Be6 14. Bxe6 fxe6 15.
d4 exd4 16. cxd4 c4 17. Bd2 d5 18. b3 Na5 19. Bxa5 Qxa5 20. bxc4 dxc4 21. Ne5
Rc8 22. Rc1 b5 23. axb5 Qxb5 24. Qe2 Bb6 25. Rb1 Qa4 26. Nf3 c3 27. d5 exd5 28.
exd5 Qf4 29. Qe6+ Kh8 30. Ne2 Qc4 31. Ne5 Qc7 32. d6 Qb7 33. d7 Nxd7 34. Nxd7
c2 35. Rxb6 axb6 36. Nxf8 Rxf8 37. Nd4 Qc7 38. Qf5 Qd6 39. Qe4 Qc5 40. Rc1 h6
41. Rxc2 Qb4 42. Re2 Rd8 43. Ne6 Rd1+ 44. Kh2 Qd6+ 45. Nf4 Rd4 46. Qe8+ Kh7 47.
g3 Qf6 48. Qe5 Qd8 49. Ne6 Qf6 50. Qxf6 gxf6 1-0

[Event "Australian Reserves"]
[Site "Adelaide"]
[Date "2004.01.09"]
[Round "10.10"]
[White "Lindberg, Gordon"]
[Black "Malik, Hani"]
[Result "0-1"]
[WhiteElo "1690"]
[BlackElo "1946"]
[PlyCount "74"]
[EventDate "2003.12.29"]
[EventType "swiss"]
[EventRounds "11"]
[EventCountry "AUS"]

1. e4 c5 2. Nf3 e6 3. d4 cxd4 4. Nxd4 Nc6 5. Nc3 a6 6. Be3 Nge7 7. f4 Nxd4 8.
Qxd4 Nc6 9. Qd2 b5 10. Be2 Be7 11. O-O O-O 12. Bf3 d6 13. g4 Bb7 14. Qg2 Na5
15. Rae1 Qc7 16. g5 Nc4 17. Bc1 Rfe8 18. Nd1 Rad8 19. b3 Nb6 20. Kh1 d5 21. Nf2
dxe4 22. Nxe4 Kh8 23. Bh5 Bb4 24. Re3 Rd4 25. Bb2 Rd2 26. Qh3 Nd5 27. Bf3 Nxe3
28. Bxg7+ Kxg7 29. Qh6+ Kh8 30. Nxd2 Bxd2 31. Qf6+ Kg8 32. Rf2 Be1 33. Kg1
Bxf2+ 34. Kxf2 Bxf3 35. Kxf3 Nf5 36. Kg4 Qxc2 37. h4 Qe2+ 0-1

[Event "Australian Reserves"]
[Site "Adelaide"]
[Date "2004.01.09"]
[Round "10.11"]
[White "Lindberg, Douglas"]
[Black "Stead, Kerry"]
[Result "1-0"]
[WhiteElo "1620"]
[BlackElo "1935"]
[PlyCount "61"]
[EventDate "2003.12.29"]
[EventType "swiss"]
[EventRounds "11"]
[EventCountry "AUS"]

1. e4 e5 2. Nf3 Nc6 3. Bb5 a6 4. Ba4 Nf6 5. O-O Nxe4 6. d4 b5 7. Bb3 d5 8. dxe5
Be6 9. Be3 Be7 10. a4 Na5 11. Nbd2 Nxd2 12. Nxd2 d4 13. Bf4 Nxb3 14. Nxb3 c5
15. Nd2 Rc8 16. Ne4 g5 17. Bg3 h5 18. h3 g4 19. h4 Rc6 20. axb5 axb5 21. f4
Bxh4 22. f5 Bxg3 23. fxe6 Bxe5 24. Rxf7 Rxe6 25. Raa7 Qh4 26. g3 Bxg3 27. Nf6+
Qxf6 28. Rxf6 Re1+ 29. Qxe1+ Bxe1 30. Re6+ Kf8 31. Rc6 1-0

[Event "Australian Reserves"]
[Site "Adelaide"]
[Date "2004.01.09"]
[Round "10.12"]
[White "Dragicevic, Domagoj"]
[Black "Ly, Moulthun"]
[Result "1-0"]
[WhiteElo "1895"]
[BlackElo "1646"]
[PlyCount "53"]
[EventDate "2003.12.29"]
[EventType "swiss"]
[EventRounds "11"]
[EventCountry "AUS"]

1. e4 d5 2. exd5 Qxd5 3. Nc3 Qa5 4. d4 Nf6 5. Nf3 c6 6. Bc4 Bf5 7. Bd2 e6 8.
Ne5 Qb6 9. Qe2 Qxd4 10. O-O-O Nbd7 11. Nxd7 Nxd7 12. Bg5 Qe5 13. Qd2 Qc7 14.
Rhe1 Nf6 15. Nb5 Qc8 16. Nd4 Ne4 17. Qd3 Bg6 18. Rxe4 Bxe4 19. Qxe4 Be7 20.
Bxe7 Kxe7 21. Qe5 g6 22. Nxe6 fxe6 23. Qg7+ Ke8 24. Qxh8+ Kf7 25. Qxh7+ Kf6 26.
Rd6 Qh8 27. Rxe6+ 1-0